| Tag |
First Indicator |
Second Indicator |
Subfields |
| LEADER |
00000cas a2200000 i 4500 |
| 001 |
in00004134821 |
| 005 |
20211120103502.0 |
| 006 |
m o d f |
| 007 |
cr ||||||||||| |
| 008 |
191203c20uu9999dcu x |o f| 0eng c |
| 010 |
|
|
|z 2019230714
|
| 035 |
|
|
|a (OCoLC)on1129384444
|
| 040 |
|
|
|a GPO
|b eng
|e rda
|e pn
|c GPO
|d GPO
|d MvI
|d UtOrBLW
|
| 041 |
|
|
|a eng
|a spa
|
| 042 |
|
|
|a pcc
|
| 043 |
|
|
|a xd-----
|
| 049 |
|
|
|a WWW
|
| 074 |
|
|
|a 0378-H-41 (online)
|
| 086 |
0 |
|
|a D 5.419/3:
|
| 130 |
0 |
|
|a Regional insights (Washington, D.C.)
|
| 245 |
1 |
0 |
|a Regional insights /
|c Center for Hemispheric Defense Studies.
|
| 246 |
1 |
|
|i Title on some issues:
|a Regional insights en español
|
| 264 |
|
1 |
|a [Washington, D.C.] :
|b Center for Hemispheric Defense Studies
|
| 300 |
|
|
|a 1 online resource (volumes)
|
| 310 |
|
|
|a Irregular
|
| 336 |
|
|
|a text
|b txt
|2 rdacontent
|
| 337 |
|
|
|a computer
|b c
|2 rdamedia
|
| 338 |
|
|
|a online resource
|b cr
|2 rdacarrier
|
| 500 |
|
|
|a Issues also have distinctive titles.
|
| 588 |
|
|
|a Description based on: 2011 edition, no. 2 (October 1, 2011); title from PDF caption (Perry Center website, viewed Dec. 3, 2019).
|
| 588 |
|
|
|a Latest issue consulted: 2019 edition, no. 3 (October 2019) (viewed Dec. 3, 2019).
|
| 546 |
|
|
|a Text primarily in English. Some issues available only in Spanish. Some issues available in both Spanish and English.
|
| 550 |
|
|
|a Issues for 2013- issued by: William J. Perry Center for Hemispheric Defense Studies.
|
| 650 |
|
0 |
|a National security
|z Western Hemisphere
|v Periodicals.
|
| 650 |
|
0 |
|a International relations
|v Periodicals.
|0 http://id.loc.gov/authorities/subjects/sh2008104842
|
| 651 |
|
0 |
|a Western Hemisphere
|x Politics and government
|v Periodicals.
|
| 651 |
|
0 |
|a Western Hemisphere
|x Economic conditions
|v Periodicals.
|
| 655 |
|
7 |
|a Periodicals.
|2 lcgft
|0 http://id.loc.gov/authorities/genreForms/gf2014026139
|
| 710 |
2 |
|
|a National Defense University.
|b Center for Hemispheric Defense Studies,
|e issuing body.
|0 http://id.loc.gov/authorities/names/no2002082301
|
| 710 |
2 |
|
|a William J. Perry Center for Hemispheric Defense Studies,
|e issuing body.
|0 http://id.loc.gov/authorities/names/no2014124890
|
| 776 |
0 |
8 |
|i Print version:
|t Regional insights (Washington, D.C.)
|w (DLC) 2019230713
|w (OCoLC)1129384480
|
| 856 |
4 |
0 |
|u https://purl.fdlp.gov/GPO/gpo128757
|t 0
|
| 999 |
f |
f |
|s ea72391e-c6ac-3d8c-86fd-81f0f95fe610
|i a9f70602-48fc-3a2d-a66b-6239bd67d5ba
|t 0
|
| 952 |
f |
f |
|a Texas A&M University
|b College Station
|c Electronic Resources
|d Available Online
|t 0
|e D 5.419/3:
|h Superintendent of Documents classification
|
| 998 |
f |
f |
|a D 5.419/3:
|t 0
|l Available Online
|